All Countries Ending in A - Statistics

General Stats
  • This quiz has been taken 60 times
  • The average score is 61 of 74
Answer Stats
Answer % Correct
Australia
95%
Russia
95%
Argentina
93%
Canada
93%
India
93%
Guinea
91%
Algeria
89%
Dominica
89%
Namibia
89%
Nigeria
89%
Albania
88%
Bulgaria
88%
China
88%
Colombia
88%
Guatemala
88%
Indonesia
88%
Latvia
88%
Libya
88%
Slovakia
88%
Tanzania
88%
Zambia
88%
Angola
86%
Armenia
86%
Bolivia
86%
Estonia
86%
Gambia
86%
Lithuania
86%
Malaysia
86%
Rwanda
86%
Saudi Arabia
86%
Slovenia
86%
South Africa
86%
Austria
84%
Guyana
84%
Mongolia
84%
Uganda
84%
Andorra
82%
Antigua and Barbuda
82%
Croatia
82%
Cuba
82%
Kenya
82%
Mauritania
82%
Romania
82%
Serbia
82%
Tunisia
82%
Botswana
80%
Eritrea
80%
Ethiopia
80%
Georgia
80%
Ghana
80%
Moldova
80%
Nicaragua
80%
Panama
80%
Saint Lucia
80%
Samoa
80%
Somalia
80%
Syria
80%
Tonga
80%
Venezuela
80%
Cambodia
79%
Costa Rica
79%
Equatorial Guinea
79%
Jamaica
79%
South Korea
79%
Grenada
77%
North Korea
77%
United States of America
77%
Bosnia and Herzegovina
75%
Macedonia
73%
Malta
73%
Sri Lanka
73%
Micronesia
71%
Liberia
70%
Papua New Guinea
66%
No matching quizzes found
Score Distribution
Percent of People with Each Score
Percentile by Number Answered
Your Score History
You have not taken this quiz